Chủ nghĩa tự nhiên Zola và tiểu thuyết
Salvato in:
| Autore principale: | |
|---|---|
| Natura: | Libro |
| Lingua: | Undetermined |
| Pubblicazione: |
Hội Nhà Văn
2002
|
| Tags: |
Aggiungi Tag
Nessun Tag, puoi essere il primo ad aggiungerne! !
|
| Thư viện lưu trữ: | Trung tâm Học liệu Trường Đại học Cần Thơ |
|---|
| LEADER | 00429nam a2200145Ia 4500 | ||
|---|---|---|---|
| 001 | CTU_49823 | ||
| 008 | 210402s9999 xx 000 0 und d | ||
| 082 | |a 843.809 | ||
| 082 | |b T121 | ||
| 100 | |a LÊ NGỌC TÂN | ||
| 245 | 0 | |a Chủ nghĩa tự nhiên Zola và tiểu thuyết | |
| 245 | 0 | |c LÊ NGỌC TÂN | |
| 260 | |b Hội Nhà Văn | ||
| 260 | |c 2002 | ||
| 980 | |a Trung tâm Học liệu Trường Đại học Cần Thơ | ||